Petit Bac #04 - Capitales d'Amérique du Nord - Statistiques

Statistiques générales
  • Ce quiz a été pris 1 867 fois
  • Le résultat moyen est 9 sur 13
Statistiques - réponses
1ère Lettre Capitale % Correct
W Washington
99%
M Mexico / Managua
94%
O Ottawa
92%
P Port-au-Prince / Panama / Port-d'Espagne
84%
K Kingston / Kingstown
74%
S Saint-Jean / Saint John's / San José / San Salvador / Saint George's / Saint-Domingue
74%
L La Havane
71%
G Guatemala
67%
B Bridgetown / Belmopan / Basseterre
54%
T Tegucigalpa
53%
N Nassau
48%
C Castries
37%
R Roseau
37%
Aucun quiz correspondant
Distribution des résultats
% des personnes avec chaque résultat
Percentile par nombre de réponses
Votre historique - résultats
Vous n’avez pas pris ce quiz